[Event "HUN-chT2 Barcza 1819"]
[Site "Hungary"]
[Date "2019.04.28"]
[Round "11.8"]
[White "Halmi, Sandor"]
[Black "Demeter, Vilmos"]
[Result "1-0"]
[WhiteElo "1894"]
[BlackElo "1858"]
[PlyCount "25"]
[EventDate "2018.09.23"]
[EventType "team-tourn"]
[EventRounds "11"]
[EventCountry "HUN"]
[SourceTitle "EXT 2021"]
[Source "ChessBase"]
[SourceDate "2020.10.23"]
[SourceVersion "1"]
[SourceVersionDate "2020.10.23"]
[SourceQuality "1"]
[WhiteTeam "Tiszavasvar"]
[BlackTeam "Hajduszoboszlo"]
[WhiteTeamCountry "HUN"]
[BlackTeamCountry "HUN"]

1. d4 Nf6 2. c4 e6 3. a3 c5 4. dxc5 Bxc5 5. b4 Be7 6. Bb2 0-0 7. Nc3 a6 8. e4 Qc7 9. Nf3 Nc6 10. Be2 Rd8 11. Qc2 Ne5 12. Nd5 Bxb4+ 13. Nxb4 1-0

[Event "HUN-chT2 Barcza 1415"]
[Site "Hungary"]
[Date "2015.04.26"]
[Round "?"]
[White "Halmi, Sandor"]
[Black "Gunyecz, Zoltan"]
[Result "0-1"]
[WhiteElo "1908"]
[BlackElo "1904"]
[PlyCount "30"]
[EventDate "2014.09.07"]
[EventType "team-tourn"]
[EventRounds "11"]
[EventCountry "HUN"]
[SourceTitle "EXT 2016"]
[Source "ChessBase"]
[SourceDate "2015.10.08"]
[SourceVersion "1"]
[SourceVersionDate "2015.10.08"]
[SourceQuality "1"]
[WhiteTeam "Tiszavasvar"]
[BlackTeam "Nyiregyhaza"]
[WhiteTeamCountry "HUN"]
[BlackTeamCountry "HUN"]

1. d4 Nf6 2. e3 d5 3. c4 g6 4. Nc3 Bg7 5. Nf3 0-0 6. Be2 c5 7. 0-0 cxd4 8. Nxd4 dxc4 9. Bxc4 Qc7 10. Be2 Rd8 11. Ncb5 Qb6 12. Qc2 Na6 13. a4 e5 14. Nf3 Bf5 15. a5 Qxb5 0-1

[Event "HUN-chT2 Barcza 1415"]
[Site "Hungary"]
[Date "2015.03.01"]
[Round "?"]
[White "Halmi, Sandor"]
[Black "Baranyai, Szabolcs"]
[Result "0-1"]
[WhiteElo "1908"]
[BlackElo "2236"]
[PlyCount "96"]
[EventDate "2014.09.07"]
[EventType "team-tourn"]
[EventRounds "11"]
[EventCountry "HUN"]
[SourceTitle "EXT 2016"]
[Source "ChessBase"]
[SourceDate "2015.10.08"]
[SourceVersion "1"]
[SourceVersionDate "2015.10.08"]
[SourceQuality "1"]
[WhiteTeam "Tiszavasvar"]
[BlackTeam "Hajduszoboszlo"]
[WhiteTeamCountry "HUN"]
[BlackTeamCountry "HUN"]

1. d4 e6 2. a3 Nf6 3. c4 d5 4. e3 c6 5. Nc3 Nbd7 6. Nf3 Be7 7. cxd5 exd5 8. Bd3 0-0 9. 0-0 h6 10. Re1 c5 11. dxc5 Nxc5 12. Be2 Bg4 13. Nd4 Bxe2 14. Ndxe2 Ne6 15. Qd3 Rc8 16. Rd1 Nc5 17. Qf5 Qb6 18. Nf4 Qb3 19. Rd4 Qb6 20. Rd1 Qb3 21. Nfxd5 Nxd5 22. Qxd5 Rfd8 23. Qxb3 Nxb3 24. Rxd8+ Rxd8 25. Rb1 Bf6 26. Kf1 Rc8 27. Ke2 Bxc3 28. bxc3 Rxc3 29. Bd2 Nxd2 30. Kxd2 Rxa3 31. Rxb7 Ra2+ 32. Ke1 a5 33. g3 a4 34. Kf1 a3 35. Kg2 Rb2 36. Ra7 a2 37. h4 g6 38. g4 Kg7 39. Kg3 Kf6 40. f4 Ke6 41. Kf3 Kd5 42. h5 gxh5 43. gxh5 Kc4 44. Kg4 Kb3 45. Kf5 Rh2 46. Kf6 Rxh5 47. Kxf7 Rb5 48. e4 Rb4 0-1

[Event "HUN-chT2 Barcza 1415"]
[Site "Hungary"]
[Date "2014.12.14"]
[Round "?"]
[White "Halmi, Sandor"]
[Black "Dudas, Zoltan"]
[Result "1/2-1/2"]
[WhiteElo "1908"]
[BlackElo "1783"]
[PlyCount "23"]
[EventDate "2014.09.07"]
[EventType "team-tourn"]
[EventRounds "11"]
[EventCountry "HUN"]
[SourceTitle "EXT 2016"]
[Source "ChessBase"]
[SourceDate "2015.10.08"]
[SourceVersion "1"]
[SourceVersionDate "2015.10.08"]
[SourceQuality "1"]
[WhiteTeam "Tiszavasvar"]
[BlackTeam "Edeleny"]
[WhiteTeamCountry "HUN"]
[BlackTeamCountry "HUN"]

1. d4 d5 2. e3 Nf6 3. c4 c6 4. Nc3 Bf5 5. a3 e6 6. Nf3 Nbd7 7. cxd5 exd5 8. Be2 Bd6 9. h3 0-0 10. 0-0 Qb6 11. Bd3 Bxd3 12. Qxd3 1/2-1/2

[Event "HUN-chT2 Barcza 1415"]
[Site "Hungary"]
[Date "2014.10.12"]
[Round "?"]
[White "Halmi, Sandor"]
[Black "Ats, Laszlo Gyorgy"]
[Result "0-1"]
[WhiteElo "1908"]
[BlackElo "2034"]
[PlyCount "114"]
[EventDate "2014.09.07"]
[EventType "team-tourn"]
[EventRounds "11"]
[EventCountry "HUN"]
[SourceTitle "EXT 2016"]
[Source "ChessBase"]
[SourceDate "2015.10.08"]
[SourceVersion "1"]
[SourceVersionDate "2015.10.08"]
[SourceQuality "1"]
[WhiteTeam "Tiszavasvar"]
[BlackTeam "Debrecen Sakkbaratok"]
[WhiteTeamCountry "HUN"]
[BlackTeamCountry "HUN"]

1. d4 d5 2. e3 Bf5 3. c4 e6 4. a3 c6 5. Nc3 Nf6 6. Bd3 Bg6 7. Nge2 Nbd7 8. Nf4 Bd6 9. Nxg6 hxg6 10. g3 Nh5 11. Ne2 f5 12. c5 Bc7 13. Nf4 Nxf4 14. exf4 Nf6 15. h4 Kf7 16. b4 a5 17. Bd2 Ne4 18. Kf1 axb4 19. Bxb4 Qf6 20. Bc2 b6 21. Kg2 bxc5 22. dxc5 e5 23. f3 Nxg3 24. Kxg3 exf4+ 25. Kg2 Rxh4 26. Rxh4 Qxh4 27. Qh1 Qg5+ 28. Kf1 Be5 29. Rb1 Bd4 30. Qg2 Qh5 31. a4 Kf6 32. Ba3 g5 33. Rb6 Rc8 34. a5 g4 35. Bd1 g3 36. Ba4 Qe8 37. Bb2 Qe3 38. Bxd4+ Qxd4 39. Qb2 Qxb2 40. Rxb2 Ra8 41. Bxc6 Rxa5 42. Bxd5 Rxc5 43. Bb7 Kg5 44. Rb4 Kh4 45. Rb1 Kh3 46. Kg1 Rc2 47. Ba6 Rg2+ 48. Kh1 Rh2+ 49. Kg1 g2 50. Kf2 Rh1 51. Rg1 Rxg1 52. Kxg1 Kg3 53. Bb7 g5 54. Bc6 g4 55. fxg4 fxg4 56. Bxg2 f3 57. Bxf3 gxf3 0-1

[Event "HUN-chT2 Barcza 1314"]
[Site "Hungary"]
[Date "2014.03.02"]
[Round "8"]
[White "Duzs, Jozsef"]
[Black "Halmi, Sandor"]
[Result "1/2-1/2"]
[WhiteElo "2030"]
[BlackElo "2000"]
[PlyCount "79"]
[EventDate "2013.09.08"]
[EventType "team-tourn"]
[EventRounds "11"]
[EventCountry "HUN"]
[SourceTitle "EXT 2016"]
[Source "ChessBase"]
[SourceDate "2015.10.08"]
[SourceVersion "1"]
[SourceVersionDate "2015.10.08"]
[SourceQuality "1"]
[WhiteTeam "Edeleny"]
[BlackTeam "Tiszavasvar"]
[WhiteTeamCountry "HUN"]
[BlackTeamCountry "HUN"]

1. d4 d5 2. Nf3 e6 3. Bf4 c5 4. e3 a6 5. c4 dxc4 6. Bxc4 b5 7. Be2 Bb7 8. 0-0 Nf6 9. a4 bxa4 10. Qxa4+ Qd7 11. Nc3 Bc6 12. Qb3 Qc8 13. Rfc1 Nbd7 14. Ne5 Nxe5 15. Bxe5 Nd7 16. Bg3 Be7 17. d5 exd5 18. Nxd5 Bxd5 19. Qxd5 0-0 20. Bf3 Ra7 21. Bd6 Re8 22. Bg4 Nf6 23. Bxc8 Nxd5 24. Bxe7 Nxe7 25. Bh3 Rb8 26. Rxc5 Rxb2 27. g3 g6 28. Bf1 Rb6 29. Rca5 Nc6 30. Rxa6 Raxa6 31. Rxa6 Rxa6 32. Bxa6 Kg7 33. Kg2 h6 34. f4 f5 35. Bb7 Ne7 36. Kf3 Kf6 37. h3 Ng8 38. Ba6 Kg7 39. Bd3 Kf6 40. Kg2 1/2-1/2

[Event "HUN-chT2 Barcza 1314"]
[Site "Hungary"]
[Date "2013.09.08"]
[Round "1"]
[White "Antos, Zoltan"]
[Black "Halmi, Sandor"]
[Result "1-0"]
[WhiteElo "2073"]
[BlackElo "2000"]
[PlyCount "30"]
[EventDate "2013.09.08"]
[EventType "team-tourn"]
[EventRounds "11"]
[EventCountry "HUN"]
[SourceTitle "EXT 2016"]
[Source "ChessBase"]
[SourceDate "2015.10.08"]
[SourceVersion "1"]
[SourceVersionDate "2015.10.08"]
[SourceQuality "1"]
[WhiteTeam "Debrecen EAC"]
[BlackTeam "Tiszavasvar"]
[WhiteTeamCountry "HUN"]
[BlackTeamCountry "HUN"]

1. c4 Nf6 2. g3 g6 3. Bg2 Bg7 4. Nc3 0-0 5. d4 e6 6. e4 d6 7. Nge2 c5 8. dxc5 dxc5 9. Bf4 Qb6 10. 0-0 Rd8 11. Qc2 Nc6 12. Rad1 Bd7 13. Bd6 Bc8 14. a3 Na5 15. Bf4 Qb3 1-0

[Event "HUN-chT2 Barcza 1213"]
[Site "Hungary"]
[Date "2013.03.24"]
[Round "9.3"]
[White "Halmi, Sandor"]
[Black "Bakos, Levente"]
[Result "0-1"]
[WhiteElo "2030"]
[BlackElo "2153"]
[PlyCount "64"]
[EventDate "2012.09.16"]
[EventType "team-tourn"]
[EventRounds "11"]
[EventCountry "HUN"]
[SourceTitle "EXT 2014"]
[Source "ChessBase"]
[SourceDate "2013.11.20"]
[SourceVersion "1"]
[SourceVersionDate "2013.11.20"]
[SourceQuality "1"]
[WhiteTeam "Tiszavasvar"]
[BlackTeam "DEAC"]
[WhiteTeamCountry "HUN"]
[BlackTeamCountry "HUN"]

1. d4 d5 2. e3 c5 3. Nf3 Nc6 4. a3 Nf6 5. Be2 Bg4 6. 0-0 e6 7. dxc5 a5 8. b3 Bxc5 9. Bb2 0-0 10. Nbd2 Qe7 11. c4 Rfd8 12. cxd5 exd5 13. Qc2 Ba7 14. Bd3 Rac8 15. Qb1 d4 16. exd4 Nxd4 17. Re1 Qd6 18. Ne5 b5 19. Bxh7+ Nxh7 20. Nxg4 Nc2 21. Nc4 Qf4 22. Qxc2 Qxg4 23. h3 Qg3 24. Re7 Ng5 25. Rxa7 Nf3+ 26. Kf1 Nh2+ 27. Ke2 Re8+ 28. Kd1 Rcd8+ 29. Nd2 Nf3 30. Qh7+ Kxh7 31. fxg3 Rxd2+ 32. Kc1 Re1# 0-1

[Event "HUN-chT2 Barcza 1112 "]
[Site "Hungary"]
[Date "2012.04.22"]
[Round "9"]
[White "Halmi, Sandor"]
[Black "Doman, Csaba"]
[Result "1/2-1/2"]
[WhiteElo "2063"]
[BlackElo "1867"]
[PlyCount "74"]
[EventDate "2011.09.25"]
[EventType "team-tourn"]
[EventRounds "11"]
[EventCountry "HUN"]
[SourceTitle "EXT 2013"]
[Source "ChessBase"]
[SourceDate "2012.11.22"]
[SourceVersion "1"]
[SourceVersionDate "2012.11.22"]
[SourceQuality "1"]
[WhiteTeam "Tiszavasvar"]
[BlackTeam "DEAC"]
[WhiteTeamCountry "HUN"]
[BlackTeamCountry "HUN"]

1. d4 d5 2. e3 c6 3. c4 Bf5 4. Nc3 e6 5. a3 Nd7 6. Nf3 Bd6 7. Bd3 Bg6 8. e4 dxe4 9. Bxe4 Bxe4 10. Nxe4 Ndf6 11. Bg5 Be7 12. Bxf6 Nxf6 13. Nxf6+ Bxf6 14. Qd2 0-0 15. 0-0 Qc7 16. Rfd1 Rad8 17. Qe3 Rd7 18. Rd3 Rfd8 19. Rad1 c5 20. dxc5 Bxb2 21. g3 h6 22. Rxd7 Rxd7 23. Rxd7 Qxd7 24. Qb3 Bf6 25. Qb5 Qc6 26. Qxc6 bxc6 27. Kf1 Kf8 28. Ke2 Ke7 29. Kd3 e5 30. Nd2 Ke6 31. a4 Be7 32. Nb3 f5 33. f3 g6 34. h3 h5 35. Ke3 g5 36. g4 h4 37. Kd3 Bf8 1/2-1/2

[Event "HUN-chT2 Barcza 1112 "]
[Site "Hungary"]
[Date "2012.02.19"]
[Round "6"]
[White "Halmi, Sandor"]
[Black "Nagy, Kalman"]
[Result "1-0"]
[WhiteElo "2063"]
[BlackElo "2051"]
[PlyCount "115"]
[EventDate "2011.09.25"]
[EventType "team-tourn"]
[EventRounds "11"]
[EventCountry "HUN"]
[SourceTitle "EXT 2013"]
[Source "ChessBase"]
[SourceDate "2012.11.22"]
[SourceVersion "1"]
[SourceVersionDate "2012.11.22"]
[SourceQuality "1"]
[WhiteTeam "Tiszavasvar"]
[BlackTeam "Sajoszentpeter"]
[WhiteTeamCountry "HUN"]
[BlackTeamCountry "HUN"]

1. d4 d5 2. e3 Bf5 3. c4 e6 4. a3 Nf6 5. Nc3 c6 6. Nf3 Nbd7 7. Be2 Bd6 8. 0-0 Bc7 9. b3 Ne4 10. Nxe4 dxe4 11. Nd2 Qh4 12. f4 Nf6 13. Rf2 g5 14. g3 Qh6 15. Nf1 gxf4 16. exf4 Rg8 17. Ne3 Qg6 18. Nxf5 exf5 19. Be3 h5 20. Rg2 h4 21. Qe1 0-0-0 22. Bd1 hxg3 23. Rxg3 Qh6 24. Ra2 Bb6 25. Rxg8 Rxg8+ 26. Rg2 Rh8 27. Qf2 a6 28. Rg5 Rg8 29. Qg3 Rg6 30. h4 Bd8 31. Qh3 Kb8 32. h5 Ne8 33. Qxf5 Nd6 34. Qg4 Rxg5 35. fxg5 Qg7 36. Qf4 Bc7 37. Qh4 f5 38. h6 Qh7 39. Qh5 Qh8 40. g6 Qg8 41. h7 Qh8 42. Qg5 Ne8 43. Qxf5 Nf6 44. Bh6 Nxh7 45. g7 Qd8 46. Qxh7 Qxd4+ 47. Kg2 Qb2+ 48. Kf1 Qf6+ 49. Kg2 Qb2+ 50. Kh3 Qh2+ 51. Kg4 Qg2+ 52. Kf5 Qh3+ 53. Bg4 Qf1+ 54. Kg6 Bd8 55. Bf5 Qg1+ 56. Kf7 Qd4 57. Bf4+ Ka7 58. Qh6 1-0

[Event "HUN-chT2 Barcza 0910"]
[Site "Hungary"]
[Date "2010.04.11"]
[Round "9.6"]
[White "Halmi, Sandor"]
[Black "Baranyai, Szabolcs"]
[Result "1-0"]
[WhiteElo "2074"]
[BlackElo "1992"]
[PlyCount "49"]
[EventDate "2009.11.08"]
[EventType "team-tourn"]
[EventRounds "11"]
[EventCountry "HUN"]
[SourceTitle "EXT 2011"]
[Source "ChessBase"]
[SourceDate "2010.11.26"]
[SourceVersion "1"]
[SourceVersionDate "2010.11.26"]
[SourceQuality "1"]
[WhiteTeam "Tiszavasvar"]
[BlackTeam "HSSE"]
[WhiteTeamCountry "HUN"]
[BlackTeamCountry "HUN"]

1. d4 d5 2. e3 Bf5 3. c4 c6 4. Nc3 dxc4 5. Bxc4 e6 6. a3 Nf6 7. Nge2 Bd6 8. 0-0 0-0 9. Ng3 Bg6 10. f4 Qc7 11. e4 Be7 12. f5 exf5 13. exf5 Bd6 14. fxg6 Bxg3 15. gxf7+ Kh8 16. hxg3 Qxg3 17. Qf3 Qh4 18. Qf4 Qh5 19. Bd2 Nbd7 20. Rae1 Rad8 21. Be6 Nb6 22. Rf3 Nbd5 23. Nxd5 Nxd5 24. Bxd5 Qxd5 25. Bb4 1-0

[Event "HUN-chT2 Barcza 0910"]
[Site "Hungary"]
[Date "2010.02.28"]
[Round "7.6"]
[White "Halmi, Sandor"]
[Black "Hunko, Gyorgy"]
[Result "1/2-1/2"]
[WhiteElo "2074"]
[BlackElo "2018"]
[PlyCount "98"]
[EventDate "2009.11.08"]
[EventType "team-tourn"]
[EventRounds "11"]
[EventCountry "HUN"]
[SourceTitle "EXT 2011"]
[Source "ChessBase"]
[SourceDate "2010.11.26"]
[SourceVersion "1"]
[SourceVersionDate "2010.11.26"]
[SourceQuality "1"]
[WhiteTeam "Tiszavasvar"]
[BlackTeam "Mezokovesd"]
[WhiteTeamCountry "HUN"]
[BlackTeamCountry "HUN"]

1. d4 d5 2. c4 c6 3. e3 Bf5 4. Nc3 e6 5. a3 dxc4 6. Bxc4 Nf6 7. Nge2 Bd6 8. f3 Bg6 9. e4 Be7 10. Be3 Nbd7 11. 0-0 e5 12. d5 Nb6 13. Qb3 Nxc4 14. Qxc4 Qc8 15. Rac1 cxd5 16. Qb5+ Qd7 17. Qxd7+ Kxd7 18. Nxd5 Nxd5 19. Rfd1 Ke6 20. Rxd5 Rad8 21. Nc3 f5 22. Rxd8 Rxd8 23. Nd5 Bd6 24. exf5+ Bxf5 25. Rd1 b6 26. Nc3 Be7 27. Re1 Kf7 28. Bf2 Bd6 29. h3 Bb8 30. g4 Bc8 31. Bg3 Rd2 32. Re2 Rxe2 33. Nxe2 Bb7 34. Kf2 g5 35. Nc3 Bd6 36. Ne4 Bxe4 37. fxe4 Ke6 38. Ke3 Kd7 39. Kd3 Kc6 40. Be1 b5 41. Ba5 Bc7 42. Be1 a6 43. h4 h6 44. hxg5 hxg5 45. Bd2 Bd8 46. Bb4 Kd7 47. Bf8 Be7 48. Bxe7 Kxe7 49. Ke3 Kd6 1/2-1/2

[Event "HUN-chT2 Barcza 0809"]
[Site "Hungary"]
[Date "2009.02.22"]
[Round "8.6"]
[White "Halmi, Sandor"]
[Black "Vasvari, Tamas"]
[Result "1/2-1/2"]
[WhiteElo "2083"]
[BlackElo "2140"]
[PlyCount "76"]
[EventDate "2008.10.26"]
[EventType "tourn"]
[EventRounds "11"]
[EventCountry "HUN"]
[SourceTitle "EXT 2010"]
[Source "ChessBase"]
[SourceDate "2010.11.25"]
[SourceVersion "1"]
[SourceVersionDate "2010.11.25"]
[SourceQuality "1"]
[WhiteTeam "Tiszavasvar"]
[BlackTeam "Nyiregyhaza"]
[WhiteTeamCountry "HUN"]
[BlackTeamCountry "HUN"]

1. d4 d5 2. c4 c6 3. cxd5 cxd5 4. Nc3 Nf6 5. e3 e6 6. a3 Be7 7. Bd3 0-0 8. Nf3 Nbd7 9. 0-0 b6 10. Qc2 Bb7 11. Ne5 Rc8 12. Nxd7 Qxd7 13. Qe2 Bd6 14. Bd2 e5 15. dxe5 Bxe5 16. g3 d4 17. Nd1 dxe3 18. Bxe3 Rfe8 19. f3 Bd4 20. Rf2 Nd5 21. Bxh7+ Kh8 22. Be4 Nxe3 23. Nxe3 Bxe4 24. fxe4 Rxe4 25. Rd1 Qe6 26. Rxd4 Rxd4 27. Qf3 Kg8 28. Nf5 Rc1+ 29. Kg2 Qe4 30. Nxd4 Qxd4 31. Qxf7+ Kh7 32. Qf3 Rd1 33. Qf5+ Kg8 34. Qe6+ Kh7 35. Rf5 Qg4 36. Qe5 Rd2+ 37. Rf2 Rxf2+ 38. Kxf2 Qd1 1/2-1/2

[Event "HUN-chT2 Barcza 0809"]
[Site "Hungary"]
[Date "2009.01.11"]
[Round "5.5"]
[White "Halmi, Sandor"]
[Black "Landenberger, Laszlo"]
[Result "0-1"]
[WhiteElo "2083"]
[BlackElo "2171"]
[PlyCount "54"]
[EventDate "2008.10.26"]
[EventType "tourn"]
[EventRounds "11"]
[EventCountry "HUN"]
[SourceTitle "EXT 2010"]
[Source "ChessBase"]
[SourceDate "2010.11.25"]
[SourceVersion "1"]
[SourceVersionDate "2010.11.25"]
[SourceQuality "1"]
[WhiteTeam "Tiszavasvar"]
[BlackTeam "Miskolc EMSE II"]
[WhiteTeamCountry "HUN"]
[BlackTeamCountry "HUN"]

1. d4 Nf6 2. c4 e5 3. dxe5 Ng4 4. Nf3 Bb4+ 5. Bd2 Bxd2+ 6. Qxd2 Nc6 7. Qf4 d6 8. exd6 cxd6 9. a3 Qb6 10. Nbd2 Qxf2+ 11. Kd1 0-0 12. Ne4 Qb6 13. Kc1 Na5 14. Nfd2 Nb3+ 15. Nxb3 Qxb3 16. Nd2 Qb6 17. Ne4 Be6 18. Kb1 Qb3 19. Nd2 Qd1+ 20. Ka2 Qc2 21. e4 b5 22. Nb1 bxc4 23. Nc3 Rab8 24. Rb1 Rb3 25. Ka1 Rfb8 26. Qxd6 h6 27. Qd1 Qxc3 0-1

[Event "HUN-chT2 Barcza 0809"]
[Site "Hungary"]
[Date "2008.11.30"]
[Round "3.6"]
[White "Nagy, Sandor I"]
[Black "Halmi, Sandor"]
[Result "1/2-1/2"]
[WhiteElo "2041"]
[BlackElo "2083"]
[PlyCount "44"]
[EventDate "2008.10.26"]
[EventType "tourn"]
[EventRounds "11"]
[EventCountry "HUN"]
[SourceTitle "EXT 2010"]
[Source "ChessBase"]
[SourceDate "2010.11.25"]
[SourceVersion "1"]
[SourceVersionDate "2010.11.25"]
[SourceQuality "1"]
[WhiteTeam "Debrecen Betu"]
[BlackTeam "Tiszavasvar"]
[WhiteTeamCountry "HUN"]
[BlackTeamCountry "HUN"]

1. e4 e5 2. Nf3 Nc6 3. Bc4 Bc5 4. c3 Nf6 5. d4 exd4 6. e5 Ng4 7. cxd4 Bb4+ 8. Nc3 d5 9. Bd3 h5 10. 0-0 Nh6 11. Bg5 Be7 12. Bxe7 Nxe7 13. Qb3 c6 14. Rfe1 Qb6 15. Qa3 Nhf5 16. Na4 Qd8 17. Rac1 Rh6 18. Qc3 a6 19. Ng5 Kf8 20. Qc5 Kg8 21. Nb6 Rb8 22. Nxc8 Qxc8 1/2-1/2

[Event "HUN-chT2 Barcza 0809"]
[Site "Hungary"]
[Date "2008.10.26"]
[Round "1.6"]
[White "Pasztor, Ferenc"]
[Black "Halmi, Sandor"]
[Result "0-1"]
[WhiteElo "2093"]
[BlackElo "2083"]
[PlyCount "102"]
[EventDate "2008.10.26"]
[EventType "tourn"]
[EventRounds "11"]
[EventCountry "HUN"]
[SourceTitle "EXT 2010"]
[Source "ChessBase"]
[SourceDate "2010.11.25"]
[SourceVersion "1"]
[SourceVersionDate "2010.11.25"]
[SourceQuality "1"]
[WhiteTeam "SSASSE"]
[BlackTeam "Tiszavasvar"]
[WhiteTeamCountry "HUN"]
[BlackTeamCountry "HUN"]

1. d4 d5 2. Nf3 e6 3. g3 Nf6 4. Bg2 c5 5. 0-0 Nc6 6. b3 Be7 7. Bb2 0-0 8. e3 b6 9. c4 Ba6 10. Ne5 Rc8 11. Nd2 cxd4 12. Nxc6 Rxc6 13. Bxd4 Rc8 14. Rc1 Bb4 15. Bc3 Bxc3 16. Rxc3 b5 17. Qc1 Qa5 18. Rd1 Rfd8 19. Bf1 dxc4 20. bxc4 Nd5 21. Ra3 Qb6 22. Qb2 b4 23. Rb3 Nc3 24. Rc1 Qd6 25. Rc2 Na4 26. Qc1 Nc5 27. Rb1 Bb7 28. Be2 a5 29. a3 Ne4 30. c5 Nxc5 31. axb4 axb4 32. Qf1 b3 33. Rcb2 Be4 34. Nxe4 Nxe4 35. Rd1 Qa3 36. Rxd8+ Rxd8 37. Qc1 g6 38. f3 Nc5 39. Kf2 Na4 40. Qc7 Rf8 41. Rb1 Qa2 42. Qc1 Nc3 43. Rb2 Nxe2 44. Rxe2 Qa4 45. Qc3 Rb8 46. Rb2 Qb5 47. Kg2 h5 48. Kf2 Qd5 49. Kg2 Qd1 50. e4 e5 51. Rd2 Qxd2+ 0-1

[Event "HUN-chT2 Barcza 0708"]
[Site "Hungary"]
[Date "2007.12.09"]
[Round "4"]
[White "Duzs, Jozsef"]
[Black "Halmi, Sandor"]
[Result "1/2-1/2"]
[WhiteElo "2075"]
[BlackElo "2118"]
[PlyCount "41"]
[EventDate "2007.10.14"]
[EventType "team-tourn"]
[EventRounds "11"]
[EventCountry "HUN"]
[SourceTitle "EXT 2009"]
[Source "ChessBase"]
[SourceDate "2008.11.26"]
[SourceVersion "1"]
[SourceVersionDate "2008.11.26"]
[SourceQuality "1"]
[WhiteTeam "Edeleny"]
[BlackTeam "Tiszavasvar"]
[WhiteTeamCountry "HUN"]
[BlackTeamCountry "HUN"]

1. d4 d5 2. Nf3 e6 3. Bf4 c5 4. c3 Nc6 5. e3 a6 6. Nbd2 Nf6 7. h3 Bd6 8. Bxd6 Qxd6 9. Bd3 0-0 10. 0-0 e5 11. Nxe5 Nxe5 12. dxe5 Qxe5 13. Nf3 Qh5 14. Nh2 Qe5 15. Re1 Bd7 16. Nf3 Qh5 17. Nh2 Qe5 18. e4 dxe4 19. Bxe4 Qc7 20. Bf3 Rad8 21. Qc2 1/2-1/2

[Event "HUN-chT2 9900"]
[Site "Hungary"]
[Date "1999.11.14"]
[Round "4"]
[White "Halmi, Sandor"]
[Black "Hogye, Imre"]
[Result "1/2-1/2"]
[WhiteElo "2154"]
[BlackElo "2185"]
[PlyCount "128"]
[EventDate "1999.09.26"]
[EventType "team-tourn"]
[EventRounds "11"]
[EventCountry "HUN"]
[SourceTitle "EXT 2002"]
[Source "ChessBase"]
[SourceDate "2001.11.25"]
[SourceVersion "1"]
[SourceVersionDate "2001.11.25"]
[SourceQuality "1"]

1. d4 Nf6 2. c4 e6 3. a3 c5 4. Nf3 cxd4 5. Nxd4 Nc6 6. b4 Nxd4 7. Qxd4 b6 8. e4 d6 9. Be2 e5 10. Qd3 Be7 11. Nc3 Be6 12. 0-0 Rc8 13. Nd5 Nxd5 14. exd5 Bd7 15. f4 Bf6 16. Bb2 exf4 17. Qe4+ Qe7 18. Qxe7+ Kxe7 19. Bxf6+ Kxf6 20. Rxf4+ Ke7 21. Re1 f6 22. c5 dxc5 23. Ba6+ Kd6 24. Bxc8 Rxc8 25. Rc1 Kxd5 26. Rf2 Ba4 27. Rd2+ Kc6 28. bxc5 bxc5 29. Kf2 Re8 30. Rc3 Bb5 31. Re3 Rc8 32. Re6+ Kb7 33. Rb2 a6 34. a4 Rc6 35. Re7+ Kb6 36. axb5 axb5 37. Rxg7 c4 38. Rxh7 c3 39. Rc2 b4 40. Rh3 Kb5 41. Ke2 Ka4 42. Re3 Kb3 43. Kd1 Rd6+ 44. Kc1 Ra6 45. Rb2+ Kc4 46. Rb1 b3 47. Re8 Ra3 48. Rb8 f5 49. R8xb3 Ra2 50. Rb4+ Kd3 51. Rb8 Rc2+ 52. Kd1 Rd2+ 53. Ke1 Rxg2 54. Rd8+ Kc2 55. Rb5 Rxh2 56. Rxf5 Kc1 57. Rb5 c2 58. Ra8 Rh1+ 59. Ke2 Rh2+ 60. Ke3 Kd1 61. Rd5+ Kc1 62. Rg5 Rh3+ 63. Kf2 Rh2+ 64. Kg1 Rd2 1/2-1/2

[Event "HUN-chT2 9900"]
[Site "Hungary"]
[Date "1999.10.17"]
[Round "3"]
[White "Horvath, Zoltan2"]
[Black "Halmi, Sandor"]
[Result "0-1"]
[WhiteElo "2131"]
[BlackElo "2154"]
[PlyCount "146"]
[EventDate "1999.09.26"]
[EventType "team-tourn"]
[EventRounds "11"]
[EventCountry "HUN"]
[SourceTitle "EXT 2002"]
[Source "ChessBase"]
[SourceDate "2001.11.25"]
[SourceVersion "1"]
[SourceVersionDate "2001.11.25"]
[SourceQuality "1"]

1. e4 c5 2. Nf3 Nc6 3. d4 cxd4 4. Nxd4 d6 5. c4 e5 6. Nc2 Nf6 7. Nc3 Be6 8. Be2 Be7 9. Be3 0-0 10. 0-0 a6 11. f3 Ne8 12. Na4 f5 13. Bb6 Qc8 14. exf5 Bxf5 15. Ne3 Nf6 16. Nc3 Bd8 17. Ncd5 Be6 18. Rc1 Qd7 19. Bxd8 Raxd8 20. Nxf6+ Rxf6 21. Bd3 Qc7 22. Be4 Qb6 23. Qd2 Nd4 24. Kh1 Rdf8 25. Nd5 Bxd5 26. Bxd5+ Kh8 27. b4 Qc7 28. Qd3 Rd8 29. f4 Rdf8 30. fxe5 dxe5 31. c5 Qe7 32. Be4 g6 33. Rxf6 Rxf6 34. Qe3 Kg7 35. Re1 Qf7 36. Bd3 Nc6 37. b5 axb5 38. Bxb5 Nd4 39. Bd3 Nc6 40. a4 Qb3 41. Bb5 Qxe3 42. Rxe3 Nd4 43. Kg1 Re6 44. Rc3 Kf6 45. Kf2 e4 46. Bc4 Re7 47. a5 Ke5 48. a6 bxa6 49. Bxa6 Rc7 50. Ke3 Nf5+ 51. Ke2 Kd5 52. g4 Nd4+ 53. Ke3 Nf3 54. h3 Ng5 55. h4 Nf3 56. h5 Ne5 57. hxg6 hxg6 58. Kf4 Kd4 59. Rc2 Nd3+ 60. Kg5 Nxc5 61. Rd2+ Ke5 62. Bc4 e3 63. Rd5+ Ke4 64. Rd6 Nd7 65. Bd3+ Kf3 66. Rxg6 Rc3 67. Rd6 Ne5 68. Rf6+ Kg3 69. Ba6 Nxg4 70. Re6 Rc5+ 71. Kg6 Kf2 72. Bd3 Ne5+ 73. Rxe5 Rxe5 0-1